Statystyki dla Tablice rejestracyjne Polski

Kliknij tutaj aby rozwiązać quiz!

Ogólne statystyki

  • Ten quiz został rozwiązany 45 razy
  • Średni wynik to 90 z 403

Statystyki odpowiedzi

TablicaMiasto/Powiat% Poprawnych
BIBiałystok
71%
WA | WB | WD | +13 othersWarszawa
56%
GAGdynia
54%
CTToruń
54%
CBBydgoszcz
51%
GDGdańsk
51%
KK | KRKraków
51%
ELŁódź
51%
BSSuwałki
51%
DWWrocław
51%
LULublin
49%
BIABiałostocki
46%
GDAGdański
44%
SKKatowice
44%
PO | PYPoznań
44%
BAUAugustowski
41%
WRRadom
41%
GSPSopot
41%
BBI | SBIBielski
39%
CBYBydgoski
39%
BLŁomża
39%
NOOlsztyn
39%
BSUSuwalski
39%
ZS | ZZSzczecin
39%
CTRToruński
39%
DWRWrocławski
39%
SGGliwice
37%
KRAKrakowski
37%
PZPoznański
37%
RZRzeszów
37%
CWWłocławek
37%
FZZielona Góra
37%
SYBytom
34%
FGGorzów Wielkopolski
34%
CGGrudziądz
34%
BHAHajnowski
34%
TKKielce
34%
ZKKoszalin
34%
NOLOlsztyński
34%
DBWałbrzych
34%
LZZamość
34%
KBR | OBBrzeski
32%
NEElbląg
32%
BGRGrajewski
32%
DJJelenia Góra
32%
DLLegnica
32%
BLMŁomżyński
32%
KNNowy Sącz
32%
LOP | OPOOpolski
32%
EBEBełchatowski
29%
LCChełm
29%
SCZCzęstochowski
29%
SDDąbrowa Górnicza
29%
CINInowrocławski
29%
TKIKielecki
29%
LUBLubelski
29%
OPOpole
29%
KOSOświęcimski
29%
EPPiotrków Trybunalski
29%
RZERzeszowski
29%
SOSosnowiec
29%
KTTarnów
29%
KTTTatrzański
29%
DBAWałbrzyski
29%
GWE | GWOWejherowski
29%
BZAZambrowski
29%
FZIZielonogórski
29%
LBBiała Podlaska
27%
SBBielsko-Biała
27%
DJEJeleniogórski
27%
GKAKartuski
27%
GLELęborski
27%
DLELegnicki
27%
KLILimanowski
27%
DLULubiński
27%
GMBMalborski
27%
BMNMoniecki
27%
KNTNowotarski
27%
RPPrzemyśl
27%
GPUPucki
27%
BSISiemiatycki
27%
GSSłupsk
27%
KTATarnowski
27%
ETM | LTMTomaszowski
27%
KWAWadowicki
27%
CWLWłocławski
27%
SZZabrze
27%
CALAleksandrowski
24%
LBIBialski
24%
LBLBiłgorajski
24%
GCHChojnicki
24%
SHChorzów
24%
SCCzęstochowa
24%
NEBElbląski
24%
FGWGorzowski
24%
PGO | WGMGrodziski
24%
DKLKłodzki
24%
BKLKolneński
24%
ZKOKoszaliński
24%
KMYMyślenicki
24%
GND | WNDNowodworski
24%
POS | WOROstrowski
24%
WPPłock
24%
WRARadomski
24%
BSKSokólski
24%
DSW | LSWŚwidnicki
24%
FSWŚwiebodziński
24%
CTUTucholski
24%
STTychy
24%
KWIWielicki
24%
BWMWysokomazowiecki
24%
KBA | KBCBocheński
22%
DBLBolesławiecki
22%
CBRBrodnicki
22%
CCHChełmiński
22%
KCHChrzanowski
22%
KDADąbrowski
22%
DDZDzierżoniowski
22%
CGRGrudziądzki
22%
DJAJaworski
22%
SJJaworzno
22%
PKKalisz
22%
DKAKamiennogórski
22%
FKR | RKRKrośnieński
22%
CLILipnowski
22%
ELCŁowicki
22%
KMIMiechowski
22%
CMGMogileński
22%
SMMysłowice
22%
KNSNowosądecki
22%
KOLOlkuski
22%
WOOstrołęka
22%
WOTOtwocki
22%
EPAPabianicki
22%
EPIPiotrkowski
22%
LPUPuławski
22%
SLRuda Śląska
22%
SRRybnik
22%
CRYRypiński
22%
BSESejneński
22%
ESISieradzki
22%
ESSkierniewice
22%
ESKSkierniewicki
22%
ZSTStargardzki
22%
GSTStarogardzki
22%
KSUSuski
22%
CSWŚwiecki
22%
GTCTczewski
22%
LZAZamojski
22%
EZDZduńskowolski
22%
EZGZgierski
22%
DZGZgorzelecki
22%
CZNŻniński
22%
SZYŻywiecki
22%
EBRBrzeziński
20%
GBYBytowski
20%
LCHChełmski
20%
GCZCzłuchowski
20%
SGLGliwicki
20%
DGLGłogowski
20%
PGSGostyński
20%
WGRGrójecki
20%
SJZJastrzębie-Zdrój
20%
PKAKaliski
20%
ZKLKołobrzeski
20%
PNKonin
20%
PKNKoniński
20%
RKKrosno
20%
EKUKutnowski
20%
ELAŁaski
20%
WLLegionowski
20%
WLILipski
20%
FMIMiędzyrzecki
20%
NMRMrągowski
20%
CNANakielski
20%
FNWNowosolski
20%
EOPOpoczyński
20%
WPLPłocki
20%
KPRProszowicki
20%
WSSiedlce
20%
FSLSłubicki
20%
GSLSłupski
20%
DSR | PSRŚredzki
20%
FSUSulęciński
20%
CWAWąbrzeski
20%
FWSWschowski
20%
FZGŻagański
20%
FZAŻarski
20%
SZOŻory
20%
SBEBędziński
17%
WCICiechanowski
17%
WGGarwoliński
17%
CGDGolubsko-Dobrzyński
17%
ZGYGryficki
17%
LHRHrubieszowski
17%
NILIławski
17%
LJAJanowski
17%
ZKAKamieński
17%
GKSKościerski
17%
ELEŁęczycki
17%
PLLeszno
17%
ELWŁódzki Wschodni
17%
DLBLubański
17%
DLWLwówecki
17%
PMIMiędzychodzki
17%
ZMYMyśliborski
17%
POBObornicki
17%
DOLOleśnicki
17%
NOSOstródzki
17%
WOSOstrołęcki
17%
PPPilski
17%
WPNPłoński
17%
EPDPoddębicki
17%
ZPLPolicki
17%
WPP | WPR | WPSPruszkowski
17%
RPRPrzemyski
17%
SPSPszczyński
17%
ZPYPyrzycki
17%
ERARadomszczański
17%
CRARadziejowski
17%
ERWRawski
17%
TSASandomierski
17%
CSESępoleński
17%
WSISiedlecki
17%
TSKSkarżyski
17%
OSTStrzelecki
17%
ZSWŚwinoujście
17%
GSZSztumski
17%
DTRTrzebnicki
17%
ZWAWałecki
17%
EWIWieluński
17%
EWEWieruszowski
17%
SZAZawierciański
17%
DZLZłotoryjski
17%
PZLZłotowski
17%
NBABartoszycki
15%
SBLBieruńsko-Lędziński
15%
RBIBieszczadzki
15%
SCICieszyński
15%
RDEDębicki
15%
NELEłcki
15%
NGIGiżycki
15%
PGNGnieźnieński
15%
KGRGorlicki
15%
ZGRGryfiński
15%
RJAJarosławski
15%
NKEKętrzyński
15%
OKLKluczborski
15%
PKLKolski
15%
LKRKraśnicki
15%
LKSKrasnostawski
15%
GKWKwidzyński
15%
RLAŁańcucki
15%
LLEŁęczyński
15%
RLSLeski
15%
PLELeszczyński
15%
ZLOŁobeski
15%
LLBLubartowski
15%
LLUŁukowski
15%
RMIMielecki
15%
DMIMilicki
15%
WMLMławski
15%
NNINidzicki
15%
ONYNyski
15%
DOAOławski
15%
TOPOpatowski
15%
TOSOstrowiecki
15%
EPJPajęczański
15%
WPIPiaseczyński
15%
SPIPiekary Śląskie
15%
DPLPolkowicki
15%
WPUPułtuski
15%
SRCRaciborski
15%
LRARadzyński
15%
SRBRybnicki
15%
RSASanocki
15%
SISiemianowice Śląskie
15%
ZSLSławieński
15%
FSDStrzelecko-Drezdenecki
15%
SWŚwiętochłowice
15%
ZSZSzczecinecki
15%
RTTarnobrzeg
15%
RTATarnobrzeski
15%
PTUTurecki
15%
WV | WWLWołomiński
15%
ZBIBiałogardzki
12%
NBRBraniewski
12%
TBUBuski
12%
PCTCzarnkowsko-Trzcianecki
12%
ZDRDrawski
12%
NDZDziałdowski
12%
ZGLGoleniowski
12%
PJAJarociński
12%
RJSJasielski
12%
TJEJędrzejowski
12%
PKSKościański
12%
WKZKozienicki
12%
RLELeżajski
12%
RLULubaczowski
12%
SMIMikołowski
12%
SMYMyszkowski
12%
RNINiżański
12%
NNMNowomiejski
12%
PNTNowotomyski
12%
NOEOlecki
12%
POTOstrzeszowski
12%
LPAParczewski
12%
NPIPiski
12%
PPLPleszewski
12%
OPRPrudnicki
12%
WPZPrzasnyski
12%
WPYPrzysuski
12%
LRYRycki
12%
WSCSochaczewski
12%
WSKSokołowski
12%
RSTStalowowolski
12%
DSTStrzeliński
12%
NSZSzczycieński
12%
STATarnogórski
12%
SWD | SWZWodzisławski
12%
DWLWołowski
12%
DZAZąbkowicki
12%
WZYŻyrardowski
12%
WBRBiałobrzeski
10%
RBRBrzozowski
10%
NGOGołdapski
10%
DGRGórowski
10%
WGSGostyniński
10%
TKAKazimierski
10%
OKKędzierzyńsko-Kozielski
10%
PKEKępiński
10%
SKLKłobucki
10%
TKNKonecki
10%
OKRKrapkowicki
10%
NLILidzbarski
10%
WLSŁosicki
10%
SLULubliniecki
10%
WMAMakowski
10%
WMMiński
10%
ONANamysłowski
10%
OOLOleski
10%
RPZPrzeworski
10%
PRARawicki
10%
RRSRopczycko-Sędziszowski
10%
PSLSłupecki
10%
PSEŚremski
10%
TSTStarachowicki
10%
ZSDŚwidwiński
10%
PSZSzamotulski
10%
NWEWęgorzewski
10%
WWEWęgrowski
10%
TLWWłoszczowski
10%
PWLWolsztyński
10%
WWYWyszkowski
10%
WZUŻuromiński
10%
ZCHChoszczeński
7%
OGLGłubczycki
7%
PKRKrotoszyński
7%
TPIPińczowski
7%
WSESierpecki
7%
WSZSzydłowiecki
7%
PWAWągrowiecki
7%
LWLWłodawski
7%
PWRWrzesiński
7%
WZWZwoleński
7%
PCHChodzieski
5%
RKLKolbuszowski
5%
TSZStaszowski
5%
RSRStrzyżowski
5%

Rozkład punktacji

Percentyl według liczby udzielonych odpowiedzi

Procent ludzi z każdym wynikiem

Twoja historia wyników

Nie rozwiązałeś tego quizu